Štěstí není náhoda

Bibliographic Details
Main Author: Hirschhausen, Eckart von, 1967- (Author)
Other Authors: Vodvárko, Jiří (Translator)
Format: Book
Language:Czech
German
PhysicalDescription:375 s. fareb. fotogr. 22 cm
Published: Bratislava Noxi 2011
ISBN:9788081110443
Edition:1. vyd.
Subjects:

MARC

LEADER 00000nam a2200000 a 4500
001 vtls010291694
003 SK-MaSNL
005 20260301031908.0
008 240318s2011 xo o 000 0 cze
015 |a SNBA2012/09-05133 
020 |a 9788081110443  |q (viaz.) 
035 |a 49E1611B-CB3B-4F6C-95C9-B4592452DC9B 
035 |a urn:nbn:sk:snk-amjiaz 
035 |a urn:nbn:sk:snk-am002gq1 
040 |a SNK  |b slo  |c SNK  |e AACR2 
041 0 |a cze  |h ger 
044 |a xo  |c SK 
072 7 |a 159.9  |x Psychológia  |2 konspekt 
080 |a 17.023.34  |2 2001 
080 |a 159.923.5  |2 2001 
080 |a 159.913  |2 2001 
080 |a 316.472.4  |2 2001 
080 |a (048.8)  |2 2001 
100 1 |a Hirschhausen, Eckart von,  |d 1967-  |4 aut  |9 328192 
240 1 0 |a Glück kommt selten allei...  |l Česky 
245 1 0 |a Štěstí není náhoda  |c Eckart von Hirschhausen ; [z německého originálu přeložil Jiří Vodvárko] 
250 |a 1. vyd. 
260 |a Bratislava  |b Noxi  |c 2011 
300 |a 375 s.  |b fareb. fotogr.  |c 22 cm 
650 0 7 |a šťastie  |2 SNKPH  |9 24114 
650 0 7 |a pozitívne myslenie  |2 SNKPH  |9 4009 
650 0 7 |a psychohygiena  |2 SNKPH  |9 2574 
650 0 7 |a interpersonálne vzťahy  |2 SNKPH  |9 3770 
650 0 7 |a Happines  |2 SNKPHeng  |9 328193 
650 0 7 |a Positive thinkin  |2 SNKPHeng  |9 328194 
650 0 7 |a Mental hygiene  |2 SNKPHeng  |9 274768 
650 0 7 |a Interpersonal relations  |2 SNKPHeng  |9 278058 
655 7 |a monografie  |2 SNKPH  |9 70139 
700 1 |a Vodvárko, Jiří  |4 trl  |9 317492 
852 |a Štátna vedecká knižnica v Banskej Bystrici 
919 |a 978-80-8111-044-3 
968 |a Čes  |b DT  |d 1 
999 |c 577498  |d 579428 
952 |a SNK  |b SNK  |y VYP  |7 0  |p 17A0707569  |o snkSC 146134 D1  |i snk2011/15412  |8 0  |0 0  |1 0  |4 0  |d 2011-07-12  |f 1  |l 0  |r 2026-02-23 14:38:25  |w 2026-02-23 
952 |a SNK  |b SNK  |y PREZ  |7 0  |p 17A0707570  |o snkSC 146134  |i snk2011/15411  |8 0  |0 0  |1 0  |4 0  |d 2011-07-12  |l 0  |r 2025-07-15 00:00:00  |w 2026-02-23